| 000 | 00358nam a2200121Ia 4500 | ||
|---|---|---|---|
| 008 | 220216s9999 xx 000 0 und d | ||
| 100 | _aKoopmann R | ||
| 245 | 0 | _aRheology of rubber polymers and mixes | |
| 260 | _bProceedings of the International Rubber Conference, Sweden, 1986, V1. p91-96 | ||
| 650 | _aRheology | ||
| 650 | _aRubber polymers | ||
| 942 | _cJS | ||
| 999 |
_c67090 _d67090 |
||